Corto y preciso
Gespeichert in:
| Hauptverfasser: | , |
|---|---|
| Format: | Buch |
| Sprache: | Spanisch |
| Veröffentlicht: |
Valparaíso
Luz Propia
2001
|
| Schriftenreihe: | Poesía Popular
|
| Schlagworte: | |
| Tags: |
Tag hinzufügen
Keine Tags, Fügen Sie den ersten Tag hinzu!
|
MARC
| LEADER | 00000nam a2200000 a 4500 | ||
|---|---|---|---|
| 001 | UCN9645 | ||
| 003 | CL-VaPUC | ||
| 008 | 011221e20011200CL |||||||||||||||||spa|d | ||
| 082 | 0 | 4 | |a 398.2 |b MUÑ |2 21 |
| 100 | |a Muñoz Aguilera, Carlos |e autor |9 549374 | ||
| 700 | 0 | |a El Diantre |e author |9 466210 | |
| 245 | 1 | 0 | |a Corto y preciso |
| 300 | |a 31 p | ||
| 942 | |c BK | ||
| 945 | |d 20011221 00:00:00 |a vberengu | ||
| 260 | |a Valparaíso |b Luz Propia |c 2001 | ||
| 650 | 0 | |a Poesías chilenas |9 265280 | |
| 650 | 0 | |a Literatura chilena |9 308278 | |
| 583 | |a last modification |c 20011221 00:00:00 |k Rodrigo Vera | ||
| 490 | 0 | |a Poesía Popular | |
| 999 | |c 298943 |d 298941 | ||
| 952 | |0 0 |1 0 |4 0 |6 398_200000000000000_MUÑ_2001 |7 0 |8 A |9 355009 |a BIBGIM |b BIBGIM |d 2019-11-21 |i 3784908 |o 398.2 MUÑ 2001 |p 3784908 |r 2025-01-15 |w 2019-11-21 |y BK |k GIM | ||
| 952 | |0 0 |1 0 |4 0 |6 398_200000000000000_MUÑ_2001 |7 0 |8 A |9 355010 |a BIBGIM |b BIBGIM |d 2019-11-21 |i 3784916 |o 398.2 MUÑ 2001 |p 3784916 |r 2025-01-15 |w 2019-11-21 |y BK |k GIM | ||
| 952 | |0 0 |1 0 |2 ddc |4 0 |6 398_200000000000000_MUÑ_2001 |7 0 |8 A |9 355011 |a BIBEDU |b BIBEDU |d 2019-11-21 |i 3784924 |o 398.2 MUÑ 2001 |p 3784924 |r 2019-11-21 |w 2019-11-21 |y BK |k LIT | ||
| 952 | |0 0 |1 0 |4 0 |6 398_200000000000000_MUÑ_2001 |7 0 |8 X |9 355012 |a FDOMLP |b FDOMLP |d 2019-11-21 |i 3784932 |o 398.2 MUÑ 2001 |p 3784932 |r 2019-11-21 |w 2019-11-21 |y BK_X |k BU2 | ||